000 00808nam a2200205 a 4500
008 120416s1987 ||||||||||||||||| || u
020 _a0195205448
050 _aHD 4420.8 Rot
100 _aRoth, Gabriel Joseph, 1926-
245 1 4 _aThe private provision of public services in developing countries
260 _aNew York
_bOxford University Press
_c1987
300 _axv, 278p. : ill.
350 _a0.00
490 _aEDI series in economic development
500 _a'Published for the World Bank.' -Includes bibliographies and index.
650 _aPRIVATIZATION--DEVELOPING COUNTRIES
650 0 _aPRIVATIZATION
710 _aWorld Bank
995 _D0.00
_FCBU-MAIN LIBRARY (Kitwe)
_H1
_I30.25
_M1
_UAVAILABLE
_ZAnnex Low-Usage Collection
999 _c54678
_d54678